[Event "Ungdoms-DM U16 2025"]
[Site "Odense"]
[Date "2025.09.26"]
[Round "1"]
[White "Frydendahl, Noah Skotte"]
[Black "Bruntse, Kathrine Lindegaard"]
[Result "1-0"]
[WhiteElo "2054"]
[BlackElo "1887"]
[WhiteFideId "1473239"]
[BlackFideId "1472283"]
[EventDate "2025.09.26"]
[EventType "swiss"]
[EventRounds "5"]
[EventCountry "DEN"]
[SourceTitle "Turneringssystemet"]

1. e4 c5 2. Nf3 e6 3. d4 cxd4 4. Nxd4 Nc6 5. a3 Qc7 6. Nc3 a6 7. Be3 Nf6 8. Be2 Be7 9. O-O O-O 10. Kh1 d6 11. f4 Nxd4 12. Bxd4 b5 13. Bd3 Bb7 14. Qe2 e5 15. Be3 Rfe8 16. h3 d5 17. fxe5 dxe4 18. Bxb5 axb5 19. exf6 Bxf6 20. Nxb5 Qc6 21. c4 Ba6 22. Rfd1 Rad8 23. Rac1 h6 24. b3 Be7 25. Nd4 Qc7 26. b4 Rc8 27. b5 Bb7 28. a4 Bc5 29. Nf5 Qe5 30. Bxc5 Rxc5 31. Nd6 Re7 32. Nxb7 Rxb7 33. a5 Ra7 34. a6 Qe6 35. Qe3 Qb6 36. Qxe4 g6 37. Qe8+ Kg7 38. Rd8 g5 39. Rf1 Kg6 40. g4 1-0

[Event "Ungdoms-DM U16 2025"]
[Site "Odense"]
[Date "2025.09.26"]
[Round "1"]
[White "Topp, Xavi Normann"]
[Black "Alzaga, Luis"]
[Result "1/2-1/2"]
[WhiteElo "1864"]
[BlackElo "2036"]
[WhiteFideId "1476106"]
[BlackFideId "1481606"]
[EventDate "2025.09.26"]
[EventType "swiss"]
[EventRounds "5"]
[EventCountry "DEN"]
[SourceTitle "Turneringssystemet"]

1. c4 e6 2. Nf3 Nf6 3. g3 d5 4. b3 Be7 5. Bg2 O-O 6. O-O c5 7. e3 Nc6 8. d4 b6 9. Bb2 Ba6 10. Nbd2 Rc8 11. Rc1 cxd4 12. exd4 Na5 13. Qe2 Ne8 14. Rc2 Nd6 15. Ne5 Bf6 16. Ba3 Re8 17. Rfc1 Nf5 18. Qg4 dxc4 19. Nexc4 Nxd4 20. Rc3 Nb5 21. R3c2 Nxc4 22. Nxc4 Rxc4 23. Rxc4 Nxa3 24. Ra4 Bb2 25. Rd1 Qc8 26. Rd6 Qc1+ 27. Rd1 Qc8 28. Rd6 Nb5 29. Rc6 Nc7 1/2-1/2

[Event "Ungdoms-DM U16 2025"]
[Site "Odense"]
[Date "2025.09.26"]
[Round "1"]
[White "Jorgensen, Willas B"]
[Black "Jaeger Andersen, Jacob"]
[Result "1/2-1/2"]
[WhiteElo "2022"]
[BlackElo "1818"]
[WhiteFideId "1484540"]
[BlackFideId "1486764"]
[EventDate "2025.09.26"]
[EventType "swiss"]
[EventRounds "5"]
[EventCountry "DEN"]
[SourceTitle "Turneringssystemet"]

1. d4 Nf6 2. Nc3 d5 3. Bf4 c6 4. e3 g6 5. Nf3 Bg7 6. Be2 O-O 7. Ne5 Nbd7 8. Qd2 Nxe5 9. Bxe5 Ne4 10. Nxe4 Bxe5 11. dxe5 dxe4 12. Qc3 Be6 13. O-O Qc7 14. Rfd1 c5 15. a4 Rfd8 16. h3 Rac8 17. Bf1 h5 18. g3 Qc6 19. Bg2 Rxd1+ 20. Rxd1 Qxa4 21. b3 Qc6 22. Qa5 a6 23. Rd8+ Kh7 24. Rxc8 Qxc8 25. Bxe4 Bxh3 26. Qb6 Qg4 27. Qxb7 h4 28. Qxe7 Qxe4 29. Qxf7+ Kh6 30. Qf8+ Kh7 1/2-1/2

[Event "Ungdoms-DM U16 2025"]
[Site "Odense"]
[Date "2025.09.26"]
[Round "1"]
[White "Tirsgaard, Villum Graulund"]
[Black "Li, Anna Sofie"]
[Result "0-1"]
[WhiteElo "1698"]
[BlackElo "1962"]
[WhiteFideId "1479520"]
[BlackFideId "1472119"]
[EventDate "2025.09.26"]
[EventType "swiss"]
[EventRounds "5"]
[EventCountry "DEN"]
[SourceTitle "Turneringssystemet"]

1. e4 e5 2. Nc3 Nf6 3. f4 d5 4. fxe5 Nxe4 5. Qf3 f5 6. d3 Nxc3 7. bxc3 Be7 8. d4 O-O 9. Ne2 Kh8 10. Nf4 g5 11. Ne2 f4 12. h3 Bf5 13. Kd2 Be4 14. Qg4 f3 15. gxf3 Bxf3 16. Qg1 Bxh1 17. Qxh1 c5 18. Bg2 cxd4 19. Nxd4 Nc6 20. Ne6 Rf2+ 21. Ke1 Qb6 22. Bxd5 Nxe5 23. Nd4 Raf8 24. Be3 Qb2 0-1

[Event "Ungdoms-DM U16 2025"]
[Site "Odense"]
[Date "2025.09.26"]
[Round "1"]
[White "Andries, Leia"]
[Black "Christiansen, Lee Yu"]
[Result "1-0"]
[WhiteElo "1851"]
[BlackElo "1543"]
[WhiteFideId "1469207"]
[BlackFideId "1473743"]
[EventDate "2025.09.26"]
[EventType "swiss"]
[EventRounds "5"]
[EventCountry "DEN"]
[SourceTitle "Turneringssystemet"]

1. e4 c5 2. c3 e6 3. d4 cxd4 4. cxd4 Nc6 5. d5 Ne5 6. Nc3 d6 7. f4 Ng6 8. Bb5+ Bd7 9. dxe6 fxe6 10. Qb3 Qh4+ 11. g3 Qe7 12. Nf3 a6 13. Bxd7+ Qxd7 14. Ng5 Nf6 15. Nxe6 Qc6 16. O-O Kd7 17. Nd5 Nxd5 18. exd5 Qc8 19. Be3 Rg8 20. Rac1 Qe8 21. Rc7# 1-0

[Event "Ungdoms-DM U16 2025"]
[Site "Odense"]
[Date "2025.09.26"]
[Round "1"]
[White "Snedker, Oliver Kaehne "]
[Black "Leonchuk, Gleb"]
[Result "1-0"]
[WhiteElo "1865"]
[BlackElo "1640"]
[WhiteFideId "1470051"]
[BlackFideId "1480120"]
[EventDate "2025.09.26"]
[EventType "swiss"]
[EventRounds "5"]
[EventCountry "DEN"]
[SourceTitle "Turneringssystemet"]

1. e4 c5 2. Nf3 Nc6 3. d4 cxd4 4. Nxd4 Nf6 5. Nc3 e6 6. Ndb5 Bb4 7. a3 Bxc3+ 8. bxc3 Nxe4 9. Qg4 d5 10. Qxg7 Rf8 11. Bh6 Qe7 12. Nc7+ 1-0

[Event "Ungdoms-DM U16 2025"]
[Site "Odense"]
[Date "2025.09.27"]
[Round "2"]
[White "Bjerg, Ludvig"]
[Black "Frydendahl, Noah Skotte"]
[Result "0-1"]
[WhiteElo "1934"]
[BlackElo "2054"]
[WhiteFideId "1477676"]
[BlackFideId "1473239"]
[EventDate "2025.09.26"]
[EventType "swiss"]
[EventRounds "5"]
[EventCountry "DEN"]
[SourceTitle "Turneringssystemet"]

1. e4 e5 2. Nf3 Nc6 3. Bb5 a6 4. Ba4 Nf6 5. d3 b5 6. Bb3 Be7 7. O-O O-O 8. c3 d5 9. exd5 Nxd5 10. h3 Bf5 11. d4 exd4 12. Nxd4 Nxd4 13. Qxd4 Nb6 14. Be3 Qxd4 15. cxd4 Rad8 16. Nc3 Bf6 17. Rfd1 Rd7 18. Rac1 Rfd8 19. Ne2 Be4 20. Bf4 Na8 21. Be3 h6 22. a3 Nb6 23. Bf4 Rc8 24. Nc3 Bb7 25. Be3 Rcd8 26. Ne2 Nd5 27. Bd2 Re8 28. Kf1 Nb6 29. Bf4 Na8 30. Rd2 g5 31. Be3 Nb6 32. Nc3 Red8 33. Rcd1 Nc8 34. Bc2 Nd6 35. b3 Re7 36. Ne2 Kg7 37. Ng3 Kg8 38. Nf5 Nxf5 39. Bxf5 Bd5 40. Rb2 c5 41. Kg1 Be4 42. Bxe4 Rxe4 43. Rc2 cxd4 44. Bd2 Re6 45. Bb4 Be5 46. Rcd2 Rc8 47. g3 Rec6 48. Kg2 Ra8 49. Rxd4 Bxd4 50. Rxd4 a5 51. Bd2 Rc2 52. Rd3 Rb2 53. b4 a4 54. Be3 Rb3 55. Rd5 Rxa3 56. Rxb5 Rb3 57. Ra5 Rxa5 58. bxa5 a3 59. a6 a2 60. Bd4 Ra3 0-1

[Event "Ungdoms-DM U16 2025"]
[Site "Odense"]
[Date "2025.09.27"]
[Round "2"]
[White "Li, Anna Sofie"]
[Black "Snedker, Oliver Kaehne "]
[Result "1-0"]
[WhiteElo "1962"]
[BlackElo "1865"]
[WhiteFideId "1472119"]
[BlackFideId "1470051"]
[EventDate "2025.09.26"]
[EventType "swiss"]
[EventRounds "5"]
[EventCountry "DEN"]
[SourceTitle "Turneringssystemet"]

1. e4 c5 2. Nf3 d6 3. d4 cxd4 4. Nxd4 Nf6 5. Nc3 a6 6. f3 e5 7. Nb3 Be6 8. Be3 Be7 9. Qd2 h5 10. Be2 Nbd7 11. Nd5 Bxd5 12. exd5 Qc7 13. Rc1 O-O 14. O-O h4 15. Na5 Nh5 16. Rfd1 f5 17. c4 Nf4 18. Bf1 h3 19. g3 Nh5 20. Bxh3 f4 21. Bf2 fxg3 22. hxg3 e4 23. f4 g5 24. Qe2 Nxf4 25. gxf4 Rxf4 26. Bg3 Rf3 27. Kg2 Nf6 28. Be6+ Kg7 29. Nb3 Nh5 30. Bh2 Raf8 31. Rf1 Qb6 32. c5 Qb4 33. Rc4 Qb5 34. Nd4 Re3 35. Qc2 Qe8 36. Nf5+ Rxf5 37. Rxf5 Bf6 38. Rxe4 1-0

[Event "Ungdoms-DM U16 2025"]
[Site "Odense"]
[Date "2025.09.27"]
[Round "2"]
[White "Bergstrom Degnsbjerg, Olivia Delf"]
[Black "Andries, Leia"]
[Result "0-1"]
[WhiteElo "1200"]
[BlackElo "1851"]
[WhiteFideId "1485709"]
[BlackFideId "1469207"]
[EventDate "2025.09.26"]
[EventType "swiss"]
[EventRounds "5"]
[EventCountry "DEN"]
[SourceTitle "Turneringssystemet"]

1. e4 c5 2. Nf3 Nc6 3. Bc4 e6 4. d3 d6 5. c3 Nf6 6. Nbd2 a6 7. a3 b5 8. Ba2 Be7 9. O-O O-O 10. b4 Bb7 11. Qc2 cxb4 12. axb4 Qc7 13. Qb3 a5 14. Ba3 d5 15. Rfe1 dxe4 16. Nxe4 Nxe4 17. dxe4 axb4 18. Bxb4 Nxb4 19. cxb4 Ra4 20. Qd3 Qb6 21. Nd4 Rfa8 22. Re2 Rxb4 23. Nc2 Rba4 24. Rb1 Rxa2 25. h3 b4 26. Nxb4 Rxe2 27. Qxe2 Bxb4 28. Kh1 Ba6 29. Qb2 Rb8 30. f3 Bc5 31. Qxb6 Rxb6 32. Rd1 h6 33. Kh2 Bd6+ 34. Kh1 Be2 35. Re1 Bg3 36. Ra1 Bd3 37. Rc1 Rb1 38. Rxb1 Bxb1 39. Kg1 Bd3 40. Kh1 g6 41. Kg1 f5 42. e5 Bxe5 43. Kf2 Bd4+ 44. Ke1 e5 45. h4 e4 46. f4 e3 47. g4 e2 48. Kd2 Bf2 49. Kxd3 e1=Q 50. Kc4 Qe4+ 51. Kc3 Be1+ 52. Kb3 Qb4+ 53. Ka2 Bc3 54. g5 Qb2# 0-1

[Event "Ungdoms-DM U16 2025"]
[Site "Odense"]
[Date "2025.09.27"]
[Round "2"]
[White "Alzaga, Luis"]
[Black "Jorgensen, Willas B"]
[Result "1/2-1/2"]
[WhiteElo "2036"]
[BlackElo "2022"]
[WhiteFideId "1481606"]
[BlackFideId "1484540"]
[EventDate "2025.09.26"]
[EventType "swiss"]
[EventRounds "5"]
[EventCountry "DEN"]
[SourceTitle "Turneringssystemet"]

1. e4 e5 2. Nf3 Nc6 3. Bc4 Bc5 4. b4 Bxb4 5. c3 Ba5 6. d4 d6 7. Qb3 Qe7 8. d5 Nd4 9. Nxd4 exd4 10. Qb5+ Kd8 11. Qxa5 Qxe4+ 12. Kd2 Bf5 13. Na3 Qxg2 14. Re1 Qxf2+ 15. Kd1 Nf6 16. Bd2 d3 17. Bb3 b6 18. Qb4 Ne4 19. Rxe4 Qf3+ 20. Kc1 Bxe4 21. Nb5 Qh1+ 22. Kb2 Qxh2 23. c4 a6 24. Nd4 a5 25. Nc6+ Kd7 26. Qc3 a4 27. Re1 axb3 28. Rxe4 Rxa2+ 29. Kxb3 Rha8 30. Re7+ Kc8 31. Re8+ Kb7 32. Rxa8 Rxa8 33. Qxd3 f5 34. Qc3 f4 35. Qb4 f3 36. Nd4 Qg3 37. Qb5 f2+ 38. Bc3 Ra3+ 39. Kxa3 Qxc3+ 40. Nb3 Qxb3+ 41. Kxb3 f1=Q 42. Qc6+ 1/2-1/2

[Event "Ungdoms-DM U16 2025"]
[Site "Odense"]
[Date "2025.09.27"]
[Round "2"]
[White "Jaeger Andersen, Jacob"]
[Black "Topp, Xavi Normann"]
[Result "0-1"]
[WhiteElo "1818"]
[BlackElo "1864"]
[WhiteFideId "1486764"]
[BlackFideId "1476106"]
[EventDate "2025.09.26"]
[EventType "swiss"]
[EventRounds "5"]
[EventCountry "DEN"]
[SourceTitle "Turneringssystemet"]

1. d4 c5 2. d5 e5 3. e4 d6 4. Nc3 Be7 5. f4 exf4 6. Bxf4 Bg5 7. Bxg5 Qxg5 8. Qd3 a6 9. Nf3 Qe7 10. O-O-O Nf6 11. h3 b5 12. e5 dxe5 13. Re1 Nfd7 14. d6 Qe6 15. Ng5 Qh6 16. Qf5 O-O 17. Kb1 Nc6 18. h4 Qg6 19. Qf2 Qxd6 20. Bd3 h6 21. Nce4 Qe7 22. Nf3 f5 23. Ng3 e4 24. Nd2 Nde5 25. Be2 Nd4 26. Bd1 Be6 27. Nh5 Nc4 28. Nf4 Qd6 29. Ng6 Nxd2+ 30. Qxd2 Bxa2+ 31. Kxa2 Qxg6 32. c3 Ne6 33. h5 Qf7 34. g4 f4 35. Kb1 Rad8 36. Qf2 e3 37. Qf3 Rd6 38. Bc2 Ng5 39. Qe2 Rd2 40. Qf1 Rfd8 41. Re2 Rxe2 42. Qxe2 Rd2 43. Qe1 Qd7 44. Rf1 e2 45. Rh1 Nf3 46. Qc1 c4 47. Bf5 Qd6 48. Bc2 Qd5 49. Ka2 Qe5 50. Re1 Nxe1 51. Qxd2 Nxc2 52. Qd7 e1=Q 53. Qc8+ Qe8 0-1

[Event "Ungdoms-DM U16 2025"]
[Site "Odense"]
[Date "2025.09.27"]
[Round "2"]
[White "Christiansen, Lee Yu"]
[Black "Tirsgaard, Villum Graulund"]
[Result "0-1"]
[WhiteElo "1543"]
[BlackElo "1698"]
[WhiteFideId "1473743"]
[BlackFideId "1479520"]
[EventDate "2025.09.26"]
[EventType "swiss"]
[EventRounds "5"]
[EventCountry "DEN"]
[SourceTitle "Turneringssystemet"]

1. e4 e5 2. Nf3 Nc6 3. Bb5 Nf6 4. O-O Nxe4 5. d4 d5 6. Nxe5 Bd7 7. Re1 Be7 8. Be3 Nxe5 9. Bxd7+ Nxd7 10. b3 O-O 11. c4 c6 12. f3 Nd6 13. Qc2 Re8 14. Qd3 Bf6 15. Nc3 c5 16. Nxd5 cxd4 17. Bxd4 Bxd4+ 18. Qxd4 Nf6 19. Nc3 Rxe1+ 20. Rxe1 Nf5 21. Qe5 Qd4+ 22. Qxd4 Nxd4 23. Re7 Rb8 24. Nd5 Nxd5 25. cxd5 Kf8 26. Re4 Nf5 27. g4 Nd6 28. Re3 Re8 29. Kf2 Rxe3 30. Kxe3 Nb5 31. Kd3 Ke7 32. Kc4 Nd6+ 33. Kc5 Kd7 34. a4 b6+ 35. Kd4 f6 36. Kc3 Ne8 37. Kd4 Kd6 38. h3 Nc7 39. Kc4 Nxd5 40. Kb5 Nc7+ 41. Kc4 Ke5 0-1

[Event "Ungdoms-DM U16 2025"]
[Site "Odense"]
[Date "2025.09.27"]
[Round "3"]
[White "Frydendahl, Noah Skotte"]
[Black "Li, Anna Sofie"]
[Result "1-0"]
[WhiteElo "2054"]
[BlackElo "1962"]
[WhiteFideId "1473239"]
[BlackFideId "1472119"]
[EventDate "2025.09.26"]
[EventType "swiss"]
[EventRounds "5"]
[EventCountry "DEN"]
[SourceTitle "Turneringssystemet"]

1. e4 e5 2. Nf3 Nc6 3. Bb5 a6 4. Ba4 Nf6 5. d3 b5 6. Bb3 Bc5 7. O-O O-O 8. Bg5 h6 9. Bh4 g5 10. Bg3 d6 11. c3 Bg4 12. Nbd2 Nh5 13. Bd5 Nxg3 14. hxg3 Bd7 15. d4 exd4 16. cxd4 Bb6 17. Rc1 Qe8 18. e5 Rc8 19. Ne4 Kg7 20. Nf6 Qe7 21. Bxc6 Bxc6 22. Rxc6 dxe5 23. Nh5+ Kh7 24. Nxe5 Rfd8 25. Qc2+ Kg8 26. Rxh6 Bxd4 27. Qh7+ Kf8 28. Qh8# 1-0

[Event "Ungdoms-DM U16 2025"]
[Site "Odense"]
[Date "2025.09.27"]
[Round "3"]
[White "Andries, Leia"]
[Black "Topp, Xavi Normann"]
[Result "0-1"]
[WhiteElo "1851"]
[BlackElo "1864"]
[WhiteFideId "1469207"]
[BlackFideId "1476106"]
[EventDate "2025.09.26"]
[EventType "swiss"]
[EventRounds "5"]
[EventCountry "DEN"]
[SourceTitle "Turneringssystemet"]

1. e4 c5 2. c3 d5 3. exd5 Qxd5 4. d4 g6 5. Nf3 Bg7 6. Nbd2 cxd4 7. Bc4 Qd8 8. Qb3 e6 9. Ne4 dxc3 10. Bb5+ Nd7 11. Nd6+ Kf8 12. bxc3 Nc5 13. Qb4 Qxd6 14. Ba3 b6 15. Rd1 Qc7 16. O-O Ne7 17. Nd4 Bf6 18. Bc1 Kg7 19. Be2 Ba6 20. Bxa6 Nxa6 21. Qb5 Nc5 22. Qe2 Rhd8 23. Qe3 Nd5 24. Qh6+ Kg8 25. Nf3 Bg7 26. Qh4 Nxc3 27. Rxd8+ Rxd8 28. Bg5 Rd5 0-1

[Event "Ungdoms-DM U16 2025"]
[Site "Odense"]
[Date "2025.09.27"]
[Round "3"]
[White "Snedker, Oliver Kaehne "]
[Black "Alzaga, Luis"]
[Result "1-0"]
[WhiteElo "1865"]
[BlackElo "2036"]
[WhiteFideId "1470051"]
[BlackFideId "1481606"]
[EventDate "2025.09.26"]
[EventType "swiss"]
[EventRounds "5"]
[EventCountry "DEN"]
[SourceTitle "Turneringssystemet"]

1. e4 e6 2. d4 d5 3. Nc3 Nf6 4. Bg5 dxe4 5. Nxe4 Be7 6. Bxf6 gxf6 7. Nf3 f5 8. Nc3 a6 9. g3 b5 10. Bg2 Bb7 11. Qe2 Qd6 12. d5 b4 13. dxe6 bxc3 14. exf7+ Kf8 15. O-O Qf6 16. Rad1 Bd6 17. Nd4 Bxg2 18. Qe8+ Kg7 19. Ne6+ Kh6 20. Kxg2 Nc6 21. Qxc6 Qxe6 22. Rfe1 Qf6 23. Re8 Rd8 24. Rde1 cxb2 25. R8e6 Qxe6 26. Rxe6+ Kg7 27. Qc3+ 1-0

[Event "Ungdoms-DM U16 2025"]
[Site "Odense"]
[Date "2025.09.27"]
[Round "3"]
[White "Jorgensen, Willas B"]
[Black "Bergstrom Degnsbjerg, Olivia Delf"]
[Result "1-0"]
[WhiteElo "2022"]
[BlackElo "1200"]
[WhiteFideId "1484540"]
[BlackFideId "1485709"]
[EventDate "2025.09.26"]
[EventType "swiss"]
[EventRounds "5"]
[EventCountry "DEN"]
[SourceTitle "Turneringssystemet"]

1. d4 Nf6 2. Nc3 g6 3. e4 d6 4. Nf3 Bg7 5. Be3 O-O 6. Qd2 Bg4 7. Be2 Nc6 8. h3 Bd7 9. d5 Ne5 10. Nxe5 dxe5 11. O-O-O e6 12. d6 Bc6 13. Bc5 Re8 14. f3 Nd7 15. Ba3 Nb6 16. Nb5 cxd6 17. Bxd6 Rc8 18. Nxa7 Ra8 19. Nxc6 bxc6 20. Kb1 Nc8 21. Bc5 Ne7 22. Qxd8 Raxd8 23. Rxd8 Rxd8 24. Bxe7 Rc8 25. Rd1 h5 26. Rd8+ Rxd8 27. Bxd8 f5 28. a4 Bf8 29. a5 Bc5 30. Bb6 Bd6 31. a6 Bb8 32. a7 Bxa7 33. Bxa7 fxe4 34. fxe4 Kf7 35. g4 hxg4 36. Bxg4 Kf6 37. b4 Kg5 38. Bxe6 Kf4 39. Bd7 Kxe4 40. Bxc6+ Kf4 41. b5 e4 42. Bxe4 Kxe4 43. b6 Kf4 44. b7 Kg3 45. b8=Q+ Kxh3 46. Qf4 g5 47. Qxg5 Kh2 48. Bf2 Kh3 49. Qg3# 1-0

[Event "Ungdoms-DM U16 2025"]
[Site "Odense"]
[Date "2025.09.27"]
[Round "3"]
[White "Leonchuk, Gleb"]
[Black "Bjerg, Ludvig"]
[Result "0-1"]
[WhiteElo "1640"]
[BlackElo "1934"]
[WhiteFideId "1480120"]
[BlackFideId "1477676"]
[EventDate "2025.09.26"]
[EventType "swiss"]
[EventRounds "5"]
[EventCountry "DEN"]
[SourceTitle "Turneringssystemet"]

1. e4 c6 2. d4 d5 3. Nc3 dxe4 4. Nxe4 Nf6 5. Nxf6+ exf6 6. c3 Bd6 7. Bd3 O-O 8. Ne2 Qc7 9. Ng3 Re8+ 10. Be3 Nd7 11. Qc2 g6 12. Ne4 Be7 13. O-O-O f5 14. Nc5 Nf6 15. f4 Bxc5 16. dxc5 Rxe3 17. g3 Bd7 0-1

[Event "Ungdoms-DM U16 2025"]
[Site "Odense"]
[Date "2025.09.27"]
[Round "3"]
[White "Tirsgaard, Villum Graulund"]
[Black "Bruntse, Kathrine Lindegaard"]
[Result "0-1"]
[WhiteElo "1698"]
[BlackElo "1887"]
[WhiteFideId "1479520"]
[BlackFideId "1472283"]
[EventDate "2025.09.26"]
[EventType "swiss"]
[EventRounds "5"]
[EventCountry "DEN"]
[SourceTitle "Turneringssystemet"]

1. e4 c5 2. Nf3 e6 3. d4 cxd4 4. Nxd4 Nc6 5. Nb5 d6 6. Bd3 a6 7. N5c3 Nf6 8. O-O Be7 9. Be3 Qc7 10. Nd2 O-O 11. f4 b5 12. a4 b4 13. Ne2 Ng4 14. Bf2 Nxf2 15. Rxf2 Bf6 16. Ra2 Nd4 17. Kh1 Bb7 18. Ng3 g6 19. f5 exf5 20. exf5 d5 21. Qg4 Kh8 22. fxg6 fxg6 23. Ra1 Qg7 24. Raf1 Rae8 25. Qf4 Be7 26. Qc7 Bf6 27. Qd6 Be7 28. Qb6 Rxf2 29. Rxf2 Bd8 30. Qxb4 a5 31. Qd6 Bc7 32. Qf6 Qxf6 33. Rxf6 Kg7 34. Rf1 Bc6 35. c3 Re3 36. Ba6 Bxg3 37. cxd4 Bd6 38. b3 Bb4 39. Nf3 Rxb3 40. Ne5 Bxa4 41. h3 Bc3 42. Nf3 Bb5 43. Bxb5 Rxb5 44. Rd1 a4 45. Rc1 Rb3 46. Ng5 Kf6 47. Nxh7+ Ke7 48. Rc2 a3 49. Re2+ Kd6 50. Ng5 Rb2 0-1

[Event "Ungdoms-DM U16 2025"]
[Site "Odense"]
[Date "2025.09.27"]
[Round "3"]
[White "Bruntse, Caroline Lindegaard"]
[Black "Christiansen, Lee Yu"]
[Result "1-0"]
[WhiteElo "1754"]
[BlackElo "1543"]
[WhiteFideId "1472275"]
[BlackFideId "1473743"]
[EventDate "2025.09.26"]
[EventType "swiss"]
[EventRounds "5"]
[EventCountry "DEN"]
[SourceTitle "Turneringssystemet"]

1. d4 d5 2. c4 c6 3. Nc3 Nf6 4. cxd5 cxd5 5. Bf4 Bf5 6. e3 Nbd7 7. Rc1 a6 8. Bd3 Bg6 9. Nf3 e6 10. O-O Be7 11. Qc2 Rc8 12. Ne5 Bxd3 13. Qxd3 O-O 14. h3 Nxe5 15. Bxe5 Bd6 16. Bxd6 Qxd6 17. Rc2 Rc6 18. Rfc1 Rfc8 19. Na4 Nd7 20. a3 f6 21. b4 R8c7 22. Nc5 Nxc5 23. Rxc5 Qd7 24. R1c3 Qd6 25. Rc2 Rxc5 26. Rxc5 Rxc5 27. dxc5 Qc6 28. f3 Qb5 29. Qxb5 axb5 30. Kf2 Kf7 31. Ke2 Ke7 32. Kd3 Kd7 33. Kd4 Kc6 34. f4 g6 35. g4 h6 36. h4 h5 37. g5 fxg5 38. fxg5 Kd7 39. e4 Kc6 40. exd5+ exd5 41. Ke5 Kd7 42. Kxd5 1-0

[Event "Ungdoms-DM U16 2025"]
[Site "Odense"]
[Date "2025.09.28"]
[Round "4"]
[White "Topp, Xavi Normann"]
[Black "Frydendahl, Noah Skotte"]
[Result "1/2-1/2"]
[WhiteElo "1864"]
[BlackElo "2054"]
[WhiteFideId "1476106"]
[BlackFideId "1473239"]
[EventDate "2025.09.26"]
[EventType "swiss"]
[EventRounds "5"]
[EventCountry "DEN"]
[SourceTitle "Turneringssystemet"]

1. c4 Nf6 2. g3 c5 3. Bg2 g6 4. Nc3 Bg7 5. d3 e6 6. e4 d6 7. Nge2 Nc6 8. O-O O-O 9. h3 Rb8 10. f4 a6 11. Kh2 Bd7 12. Be3 e5 13. f5 Nd4 14. g4 Ne8 15. Nd5 Bc6 16. Nec3 f6 1/2-1/2

[Event "Ungdoms-DM U16 2025"]
[Site "Odense"]
[Date "2025.09.28"]
[Round "4"]
[White "Bjerg, Ludvig"]
[Black "Jorgensen, Willas B"]
[Result "0-1"]
[WhiteElo "1934"]
[BlackElo "2022"]
[WhiteFideId "1477676"]
[BlackFideId "1484540"]
[EventDate "2025.09.26"]
[EventType "swiss"]
[EventRounds "5"]
[EventCountry "DEN"]
[SourceTitle "Turneringssystemet"]

1. e4 e5 2. Nf3 Nc6 3. g3 g6 4. Bg2 Bg7 5. O-O Nf6 6. d3 O-O 7. Nbd2 d6 8. c3 Nh5 9. Nc4 f5 10. Ne1 fxe4 11. dxe4 Be6 12. Ne3 Bh6 13. Nd3 Bg5 14. Nc2 Bxc1 15. Rxc1 Bxa2 16. Ne3 Be6 17. f4 exf4 18. gxf4 Qh4 19. f5 Qg5 20. Qf3 Ne5 21. Nxe5 dxe5 22. Kh1 Nf4 23. Bh3 Nxh3 24. Qxh3 Bf7 25. Rg1 Qe7 26. Rcf1 Rad8 27. f6 Qd7 28. Qh6 Be6 29. Qh5 Qf7 30. Qxe5 Rd6 31. Qg3 Bd7 32. Nd5 Rxd5 33. exd5 Qxd5+ 34. Rg2 Bc6 35. Kg1 Qxg2+ 36. Qxg2 Bxg2 37. Kxg2 Kf7 38. Kg3 Re8 39. Rd1 Kxf6 40. Kf3 h6 41. Rd7 Re7 42. Rd8 Ke6 43. Rg8 Kf7 44. Rd8 Kf6 45. b4 b6 46. Ra8 Rd7 47. Ke3 c6 48. Rc8 Rd6 49. Rc7 a5 50. bxa5 bxa5 51. c4 Re6+ 52. Kd3 Kf5 53. Ra7 Re5 54. Ra6 c5 55. Rxa5 g5 56. Ra2 h5 57. Rg2 Kf4 58. Rf2+ Kg4 59. Rg2+ Kh3 60. Rf2 g4 61. Ra2 h4 62. Rf2 g3 63. hxg3 hxg3 64. Rf6 g2 65. Rh6+ Kg4 0-1

[Event "Ungdoms-DM U16 2025"]
[Site "Odense"]
[Date "2025.09.28"]
[Round "4"]
[White "Li, Anna Sofie"]
[Black "Andries, Leia"]
[Result "1-0"]
[WhiteElo "1962"]
[BlackElo "1851"]
[WhiteFideId "1472119"]
[BlackFideId "1469207"]
[EventDate "2025.09.26"]
[EventType "swiss"]
[EventRounds "5"]
[EventCountry "DEN"]
[SourceTitle "Turneringssystemet"]

1. e4 e5 2. Nf3 Nc6 3. Bb5 a6 4. Ba4 Nf6 5. O-O Be7 6. Re1 b5 7. Bb3 O-O 8. a4 d5 9. exd5 Na5 10. Nxe5 Nxb3 11. Nc6 Bg4 12. Nxd8 Bxd1 13. cxb3 Bxd8 14. Rxd1 b4 15. d3 Nxd5 16. Nd2 Re8 17. Nc4 Bf6 18. Bd2 Rad8 19. Re1 Rxe1+ 20. Rxe1 Kf8 21. Kf1 Bd4 22. Na5 Bxb2 23. Nc6 Rc8 24. Bxb4+ Nxb4 25. Nxb4 a5 26. Nc6 Ra8 27. Re7 Rc8 28. Rd7 Bc3 29. Ke2 f6 30. Kd1 h6 31. f3 Bb2 32. Kc2 Ba3 33. Rd8+ Rxd8 34. Nxd8 Ke8 35. Nc6 Bd6 36. h3 Kd7 37. Nxa5 Bb4 38. Nc4 Kc6 39. d4 g6 40. Kd3 Kd5 41. Ne3+ Kc6 42. Kc4 Ba5 43. b4 Bb6 44. Nd5 1-0

[Event "Ungdoms-DM U16 2025"]
[Site "Odense"]
[Date "2025.09.28"]
[Round "4"]
[White "Bruntse, Kathrine Lindegaard"]
[Black "Snedker, Oliver Kaehne "]
[Result "1/2-1/2"]
[WhiteElo "1887"]
[BlackElo "1865"]
[WhiteFideId "1472283"]
[BlackFideId "1470051"]
[EventDate "2025.09.26"]
[EventType "swiss"]
[EventRounds "5"]
[EventCountry "DEN"]
[SourceTitle "Turneringssystemet"]

1. d4 c5 2. d5 e6 3. c4 exd5 4. cxd5 d6 5. Nc3 g6 6. Nf3 Bg7 7. Nd2 a6 8. a4 Nd7 9. e4 Qe7 10. Be2 Ngf6 11. O-O O-O 12. f3 Ne8 13. Nc4 Bd4+ 14. Kh1 f5 15. exf5 Rxf5 16. Bd3 Rh5 17. Qe1 Ne5 18. Nxe5 Rxe5 19. Be4 Qg7 20. Bf4 Re7 21. Qd2 Be5 22. Bxe5 Qxe5 23. Rae1 Qf6 24. Bd3 Rxe1 25. Rxe1 Bf5 1/2-1/2

[Event "Ungdoms-DM U16 2025"]
[Site "Odense"]
[Date "2025.09.28"]
[Round "4"]
[White "Bergstrom Degnsbjerg, Olivia Delf"]
[Black "Tirsgaard, Villum Graulund"]
[Result "0-1"]
[WhiteElo "1200"]
[BlackElo "1698"]
[WhiteFideId "1485709"]
[BlackFideId "1479520"]
[EventDate "2025.09.26"]
[EventType "swiss"]
[EventRounds "5"]
[EventCountry "DEN"]
[SourceTitle "Turneringssystemet"]

1. e4 e5 2. Nf3 Nc6 3. Bc4 Nf6 4. d3 Bc5 5. O-O d6 6. h3 Be6 7. Nbd2 h6 8. a3 Qd7 9. Bxe6 fxe6 10. Qe2 O-O-O 11. b4 Nd4 12. Nxd4 Bxd4 13. Rb1 Rdg8 14. Nf3 g5 15. Nxd4 exd4 16. f3 h5 17. Qf2 e5 18. h4 gxh4 19. Qxh4 Rg6 20. Rf2 Rhg8 21. Bd2 Kb8 22. Rbf1 Qg7 23. Qh3 Rg3 24. Qh2 h4 25. Kh1 Rh8 26. Rg1 h3 27. gxh3 Rhxh3 28. Rxg3 Qxg3 29. Rg2 Rxh2+ 30. Rxh2 Qxf3+ 31. Kg1 b6 32. Rf2 Qg4+ 33. Rg2 Qd1+ 34. Kh2 Ng4+ 35. Rxg4 Qxd2+ 36. Rg2 Qc3 37. b5 Qxa3 38. Kh3 Qc5 39. c4 dxc3 40. Rc2 Qe3+ 41. Kg4 Qxd3 42. Ra2 c2 43. Rxc2 Qxc2 44. Kf5 Qc5 45. Ke6 Qxb5 46. Ke7 a5 47. Kf6 a4 48. Ke6 a3 49. Kf6 a2 50. Ke6 a1=Q 51. Kf6 Qe8 52. Kg7 Qf1 53. Kh7 Qff7+ 54. Kh6 Qg6# 0-1